LEADER 01117nam a2200241 i 4500 001 000000190156 003 CaOOAMICUS 005 20100601000000.0 008 100601s1915 it u000 u ita u 013 $a168514 040 $aSeMil$bita 100 1 $aPuliti, Dina.$0(OLS)http://semarc/name/69563 245 13$aUn'asceta del Rinascimento :$bla beata Camilla Battista Varani di Camerino /$cD. Puliti. 260 $aFirenze :$bLibreria Editrice Fiorentina,$c1915. 260 $aRoma :$bDesclée & Cie,$c1915. 300 $aVI, 187 p. ;$c20 cm. 500 $aContiene : Appendice. - In testa al front : Omaggio dell'Autore. 600 04$aVarano, Camilla Battista : da 1458-1524>.$0(OLS)http://semarc/subject/9802 850 $aSeMil 852 $aSeMil$W1$xVenegono$y1$m3H I 116$j140784$B140784$CSeMilBibl$Z2$F152385 $81 996 $6245$aUn'asceta del Rinascimento :$bla beata Camilla Battista Varani di Camerino$9(OLS)http://semarc/title/273937 996 $6260$aRoma :$bDesclée & Cie$9(OLS)http://semarc/publisher/38186 996 $6260$aFirenze :$bLibreria Editrice Fiorentina$9(OLS)http://semarc/publisher/30629 LEADER 01442nam a2200277 i 4500 001 000000193109 003 CaOOAMICUS 005 20160614000000.0 008 160614n it u000 u ita u 013 $a171749 040 $aSeMil$bita 100 1 $aHough, Richard.$0(OLS)http://semarc/name/70348 245 13$aLa vera storia dell'ammutinamento della Potemkin /$cRichard Hough ; traduzione di Giorgio Cuzzelli ; ricerca delle illustrazioni a cura di Nicolas Bouvier. 260 $aGinevra :$bEdito-Service,$ccopyr. 1969. 300 $a263 p., [16] c. di tav. ;$c23 cm. 490 0 $aFra cronaca e storia 500 $aIn calce al front. : distribuito da Orpheus libri. - Pubblicato con : Eisenstein e la corazza Potemkin / di Freddy Buache direttore della cinematica svizzera ; traduzione di Monica Kneschaurek. 650 4$aCorazzata Potëmkin.$0(OLS)http://semarc/subject/36320 700 1 $aBouvier, Nicolas.$0(OLS)http://semarc/name/47195 700 1 $aCuzzelli, Giorgio.$0(OLS)http://semarc/name/54971 830 0$aFra cronaca e storia.$0(OLS)http://semarc/title/44964 850 $aSeMil 852 $aSeMil$W1$xVenegono$y1$m3V IV 105$j143683$B143683$CSeMilBibl$Z2$F211914 $81 961 $aOmaggio: Grampa dott. Cesare 996 $6245$aLa vera storia dell'ammutinamento della Potemkin$9(OLS)http://semarc/title/278367 996 $6260$aGinevra :$bEdito-Service$9(OLS)http://semarc/publisher/50449